00640 2200217 4500001002100000005001700021008004100038035002400079040001500103082001000118090001700128100001600145245011600161250001100277260002800288300002800316500003100344650002000375850001200395990001500407YOGYA-0209000002321420090227023742.0 ind  0010-020900000023214 aYOPDYOG(B) a324.7 a324.7bSan S aSANIT, Arbi aSwadaya politik masyarakatbtelaah tentang keterkaitan organisasi masyarakat, partisipasi politik..cArbi Sanit aCet. 3 aJakartabRajawalic1985 ax, 178 hlmbilusc21 cm aBibliografi : hlm. 153-158 aPolitik praktis aYOPDYOG a06A0015381